00791pam a2200193 a 4500020001500000040000800015082002600023100002100049245010300070250001200173260004700185300003300232650002900265856006600294856006600360942000700426999001700433952014700450 a9813083891 cDLC00a519 SPI 1998 A031 Or.1 aSmith, Peter J.,10aInto statistics :ba guide to understanding statistical concepts in engineering and the sciences / a2nd ed. aSingapore ;aNew York :bSpringer,cc1998. axi, 534 p. :bill. ;c25 cm. 0aMathematical statistics.42uhttp://www.loc.gov/catdir/enhancements/fy0902/98010809-d.html41uhttp://www.loc.gov/catdir/enhancements/fy0902/98010809-t.html cEK c11866d11866 0010406519_000000000000000_SPI_1998_A031_OR70960695aLBAbLBAcA031d2017-08-08o519 SPI 1998 A031 Or.pA13941r2017-08-08w2017-08-08yEK